banner koha

Relatório anual da Escola Superior de Ciências Domesticas / (Registro n. 261642)

MARC details
000 -LÍDER
Campo de controle fixo 00836nac a22002777a 4500
001 - NÚMERO DE CONTROLE
Número de controle BR6002754
003 - CÓDIGO MARC DA AGÊNCIA CATALOGADORA
Campo de controle BR-BrBNA
005 - DATA E HORA DA ÚLTIMA ATUALIZAÇÃO
Campo de controle 20240521113116.0
008 - CAMPO DE TAMANHO FIXO
Campo fixo de controle 230509b bl.|||m| |||| 00| 0 por d
040 ## - FONTE DA CATALOGAÇÃO
Agência catalogadora BR-BrBNA
Idioma da catalogação por
072 ## - CATEGORIA AGRIS
Código da categoria de assunto/objeto <a href="C00">C00</a>
090 ## - NÚMERO DE CHAMADA
Localização na estante C00
Código BR BR6002754
110 1# - ENTRADA PRINCIPAL - ENTIDADE
Nome da entidade ou lugar Universidade Federal de Viçosa
245 1# - TÍTULO PRINCIPAL
Título principal Relatório anual da Escola Superior de Ciências Domesticas /
260 3# - IMPRENTA (PUBLICAÇÃO, DISTRIBUIÇÃO, ETC.)
Lugar de publicação, distribuição, etc. Vicosa, MG (Brasil):
Data de publicação, distribuição, etc 1969.
300 ## - DESCRIÇÃO FÍSICA
Extensão 89 p.
490 ## - INDICAÇÃO DE SÉRIE
Título da série Relatorio - Universidade Federal de Vicosa. Escola Superior de Ciencias Domesticas (Brazil)
650 ## - ASSUNTO - THESAGRO
Cabeçalho tópico ou nome geográfico ENSINO SUPERIOR
650 ## - ASSUNTO - THESAGRO
Cabeçalho tópico ou nome geográfico PROGRAMA EDUCACIONAL
650 ## - ASSUNTO - THESAGRO
Cabeçalho tópico ou nome geográfico UNIVERSIDADE FEDERAL
650 ## - ASSUNTO - THESAGRO
Cabeçalho tópico ou nome geográfico CURSO
650 ## - ASSUNTO - THESAGRO
Cabeçalho tópico ou nome geográfico VICOSA
650 ## - ASSUNTO - THESAGRO
Cabeçalho tópico ou nome geográfico MINAS GERAIS
909 ## - IDENTIFICAÇÃO DO CATALOGADOR
Ano e mês da catalogação (aaaamm) 05/2024
Identificação do catalogador Sarah
942 ## - TIPO ESPECÍFICO
Tipo de material Monografia Seriada
952 ## - LOCATION AND ITEM INFORMATION (KOHA)
-- 2023-12-18
--
-- Portaria Interministerial nº 164/94
--
--
--
--
--
Exemplares
Status de empréstimo Fonte de classificação Status de danificação Não pode ser emprestado Localização permanente Localização atual Total Checkouts Número de chamada Código de barras Tipo de material Perdido
  Classificação AGRIS     Biblioteca Nacional de Agricultura - Binagri Biblioteca Nacional de Agricultura - Binagri   C00 BR6002754 2024-1620 Monografia Seriada  

BINAGRI

Telefone: (61)3218-2567/2388/3357/2097 - binagri@agro.gov.br

Ministério da Agricultura e Pecuária , Esplanada dos Ministérios, Bloco D, Anexo B, Brasília/DF, CEP: 70.043-900